000 00755nam a22002537a 4500
001 106455
003 UA-OsUOA
005 20210711230346.0
007 ta
008 20140522b un ||||| |||| 00| 0 ukr d
040 _aUA-OsUOA
_bukr
_cUA-OsUOA
_dUA-OsUOA
041 _aukr
080 _a82.09
090 _a82.09
_bК49
100 _aКлиновий Ю.
245 _aМоїм синам, моїм приятелям
_bстатті й есеї
260 _aЕдмонтон
_bСлово
_c1981
300 _a616 с.
591 _aЖулинський М. Г.
650 7 _a82 Література. Літературознавство
_2UDC
942 _cBK
_2udc
955 _a2
999 _c392596
_d392596